| 000 -LEADER |
| fixed length control field |
01423 a2200301 4500 |
| 003 - CONTROL NUMBER IDENTIFIER |
| control field |
Nust |
| 005 - DATE AND TIME OF LATEST TRANSACTION |
| control field |
20170207154013.0 |
| 020 ## - INTERNATIONAL STANDARD BOOK NUMBER |
| International Standard Book Number |
0-201-69961-3 (hft.) ; |
| 040 ## - CATALOGING SOURCE |
| Transcribing agency |
Nust |
| 082 ## - DEWEY DECIMAL CLASSIFICATION NUMBER |
| Classification number |
005.117 |
| 082 ## - DEWEY DECIMAL CLASSIFICATION NUMBER |
| Classification number |
005.117 |
| 100 1# - MAIN ENTRY--PERSONAL NAME |
| Personal name |
Quatrani, Terry |
| 245 00 - TITLE STATEMENT |
| Title |
Visual modeling with Rational Rose 2000 and UML-(EBOOK) |
| Statement of responsibility, etc. |
Terry Quatrani |
| 250 ## - EDITION STATEMENT |
| Edition statement |
2. ed. |
| 260 ## - PUBLICATION, DISTRIBUTION, ETC. |
| Place of publication, distribution, etc. |
Reading, Mass. : |
| Name of publisher, distributor, etc. |
Addison-Wesley, |
| Date of publication, distribution, etc. |
cop. 2000 |
| 300 ## - PHYSICAL DESCRIPTION |
| Extent |
256 s. |
| 440 #0 - SERIES STATEMENT/ADDED ENTRY--TITLE |
| Title |
Addison-Wesley object technology series, |
| 505 ## - FORMATTED CONTENTS NOTE |
| Formatted contents note |
Chapter 1. Introduction (Page-4) Chapter 2. Beginning a Project(Page-52) Chapter 3. Creating Use Cases (Page-68) Chapter 4. Finding Classes (Page-79) Chapter 5. Discovering Object Interaction (Page-86) Chapter 6. Specifying Relationships (Page-94) Chapter 7. Adding Behavior and Structure (Page-105) Chapter 8. Discovering Inheritance (Page-119) Chapter 9. Analyzing Object Behavior (Page-165) Chapter 10. Checking the Model (Page-210) Chapter 11. Designing the System Architecture (Page-236) Chapter 12. Building the Iterations (Page-296) |
| 650 #7 - SUBJECT ADDED ENTRY--TOPICAL TERM |
| Topical term or geographic name entry element |
Object-oriented programming |
| 650 #7 - SUBJECT ADDED ENTRY--TOPICAL TERM |
| Topical term or geographic name entry element |
Object-oriented programming (Computer science) |
| 650 #7 - SUBJECT ADDED ENTRY--TOPICAL TERM |
| Topical term or geographic name entry element |
Objektorienterad programmering |
| 650 #7 - SUBJECT ADDED ENTRY--TOPICAL TERM |
| Topical term or geographic name entry element |
Objektorienterad programmering |
| 650 #7 - SUBJECT ADDED ENTRY--TOPICAL TERM |
| Topical term or geographic name entry element |
Objektorienterad programmering |
| 650 #7 - SUBJECT ADDED ENTRY--TOPICAL TERM |
| Topical term or geographic name entry element |
Objektorienterad programmering |
| 650 #7 - SUBJECT ADDED ENTRY--TOPICAL TERM |
| Topical term or geographic name entry element |
UML |
| 650 #7 - SUBJECT ADDED ENTRY--TOPICAL TERM |
| Topical term or geographic name entry element |
UML (Computer science) |
| 651 ## - SUBJECT ADDED ENTRY--GEOGRAPHIC NAME |
| Geographic name |
EBOOK |
| 942 ## - ADDED ENTRY ELEMENTS (KOHA) |
| Source of classification or shelving scheme |
|
| Koha item type |
Book |